Wszystkie miejscowości powiatu opolskiego (woj. opolskie) - Statystyki

Ogólne statystyki
  • Ten quiz został rozwiązany 14 razy
  • Średni wynik to 49 z 159
Statystyki odpowiedzi
Odpowiedź % Poprawnych
Chrząstowice
82%
Dąbrowa
82%
Dobrzeń Wielki
82%
Niemodlin
82%
Dobrzeń Mały
73%
Kup
73%
Prószków
73%
Zawada
73%
Grodziec
64%
Łubniany
64%
Murów
64%
Tułowice
64%
Turawa
64%
Bierdzany
55%
Brynica
55%
Chrząszczyce
55%
Jełowa
55%
Kały
55%
Luboszyce
55%
Ozimek
55%
Polska Nowa Wieś
55%
Tarnów Opolski
55%
Zagwiździe
55%
Chróścice
45%
Chróścina
45%
Dębska Kuźnia
45%
Lędziny
45%
Ligota Prószkowska
45%
Nowe Budkowice
45%
Nowe Siołkowice
45%
Popielów
45%
Stare Budkowice
45%
Stare Siołkowice
45%
Szydłów
45%
Węgry
45%
Źlinice
45%
Boguszyce
36%
Dębiniec
36%
Domecko
36%
Folwark
36%
Góra
36%
Grabice
36%
Gracze
36%
Karłowice
36%
Kępa
36%
Komprachcice
36%
Kotórz Mały
36%
Kotórz Wielki
36%
Krasiejów
36%
Ligota Turawska
36%
Lipno
36%
Narok
36%
Niewodniki
36%
Osowiec
36%
Przywory
36%
Radomierowice
36%
Rzędziwojowice
36%
Skarbiszów
36%
Stare Kolnie
36%
Walidrogi
36%
Wawelno
36%
Antoniów
27%
Biadacz
27%
Biestrzynnik
27%
Chrzowice
27%
Dąbrówka Łubniańska
27%
Daniec
27%
Górki
27%
Gościejowice
27%
Grabczok
27%
Grabin
27%
Jaczowice
27%
Jaśkowice
27%
Kaniów
27%
Karczów
27%
Kąty Opolskie
27%
Mechnice
27%
Michałówek
27%
Młodnik
27%
Nowa Schodnia
27%
Ochodze
27%
Przysiecz
27%
Rogi
27%
Schodnia
27%
Skarbiszowice
27%
Stobrawa
27%
Suchy Bór
27%
Szczedrzyk
27%
Szydłowiec Śląski
27%
Tułowice Małe
27%
Wydrowice
27%
Żelazna
27%
Zimnice Wielkie
27%
Złotniki
27%
Brzęczkowice
18%
Bukowo
18%
Dylaki
18%
Falmirowice
18%
Goszczowice
18%
Grabie
18%
Grodziec Drugi
18%
Jedlice
18%
Kadłub Turawski
18%
Kolanowice
18%
Kosorowice
18%
Krasna Góra
18%
Kurznie
18%
Kuźnica Katowska
18%
Ligota Tułowicka
18%
Lubienia
18%
Magnuszowice
18%
Magnuszowiczki
18%
Molestowice
18%
Nakło
18%
Niwa
18%
Okoły
18%
Prądy
18%
Roszkowice
18%
Rutki
18%
Rybna
18%
Rzędów
18%
Sady
18%
Sarny Wielkie
18%
Sosnówka
18%
Święciny
18%
Tłustoręby
18%
Zakrzów Turawski
18%
Zbicko
18%
Zimnice Małe
18%
Chobie
9%
Ciepielowice
9%
Dąbrowice
9%
Dębie
9%
Droździce
9%
Dziekaństwo
9%
Jakubowice
9%
Kamionka
9%
Kobylno
9%
Masów
9%
Miedziana
9%
Mnichus
9%
Niwki
9%
Nowa Jamka
9%
Nowa Kuźnia
9%
Osiny
9%
Piotrowa
9%
Popielowska Kolonia
9%
Pustków
9%
Radoszowice
9%
Raszowa
9%
Siedliska
9%
Sokolniki
9%
Tarnica
9%
Wojszyn
9%
Krzyżowa Dolina
0%
Lipowa
0%
Piła
0%
Nie znaleziono quizów pasujących do podanych kryteriów
Rozkład punktacji
Procent ludzi z każdym wynikiem
Percentyl według liczby udzielonych odpowiedzi
Twoja historia wyników
Nie rozwiązałeś tego quizu